• 首页
  • 本馆介绍
  • 公告通知
  • 最新文献
  • 馆藏检索
  • 电子资源
  • 读者导购
  • 参考咨询
  • 我的图书馆
  • 登录
  • 详细信息显示
  • 放入我的书架
  • 预约/预借图书
  • 作者相关作品
  • 分类相关作品
  • 丛书相关作品
  • 出版社相关作品

书目信息

  • 表格格式
  • 工作单格式
  • 卡片格式
题名:
新编玻璃工艺学
    
 
作者: 田英良 , 孙诗兵 主编
分册:  
出版信息: 北京   中国轻工业出版社  2020.4
页数: 471页
开本: 26cm
丛书名:
单 册:
中图分类: TQ171.6
科图分类:
主题词: 玻璃--生产工艺--高等学校--教材 , 玻璃
电子资源:
ISBN: 978-7-5019-6851-0
000 00988nam0 2200265 45
001 012001000392
005 20130911140132.0
010    @a978-7-5019-6851-0@dCNY88.00
100    @a20090702d2009 em y0chiy50 ea
101 0  @achi
102    @aCN@b110000
105    @aa z 000yy
106    @ar
200 1  @a新编玻璃工艺学@Axin bian bo li gong yi xue@b专著@f田英良,孙诗兵主编
210    @a北京@c中国轻工业出版社@d2020.4
215    @a471页@c图@d26cm
300    @a高等学校专业教材
330    @a本书以玻璃工艺原理及玻璃工艺过程为主线来阐述各个章节,力求理论结合实际,成分设计与产品性能相结合,生产技术与检测技术相结合,现代技术与传统工艺相结合;并依据科学发展观的要求,将玻璃工业的节能减排与环境保护相结合,将循环经济与玻璃利废相结合。
606 0  @a玻璃@x生产工艺@x高等学校@j教材
606 0  @a玻璃
690    @aTQ171.6@v4
701  0 @a田英良@Atian ying liang@4主编
701  0 @a孙诗兵@Asun shi bing@4主编
801  0 @aCN@bBJSDL@c20211011
905    @b1335140-2@dTQ171.6@e83@f3
    
    新编玻璃工艺学/田英良,孙诗兵主编.-北京:中国轻工业出版社,2020.4
    471页:图;26cm
    高等学校专业教材
    
    ISBN 978-7-5019-6851-0:CNY88.00
    本书以玻璃工艺原理及玻璃工艺过程为主线来阐述各个章节,力求理论结合实际,成分设计与产品性能相结合,生产技术与检测技术相结合,现代技术与传统工艺相结合;并依据科学发展观的要求,将玻璃工业的节能减排与环境保护相结合,将循环经济与玻璃利废相结合。
●
相关链接 在E读中查询图书 在五车中查询图书 在当当中查询图书 在豆瓣中查询图书


正题名:新编玻璃工艺学     索取号:TQ171.6/83         预约/预借

序号 登录号 条形码 馆藏地/架位号 状态 备注
1 1335140   213351406   第二样本阅览室/ [索取号:TQ171.6/83] 在馆    
2 1335141   213351415   第三借阅区/ [索取号:TQ171.6/83] 在馆    
3 1335142   213351424   第三借阅区/ [索取号:TQ171.6/83] 在馆    
唐山师范学院图书馆 欢迎您!
大连网信软件有限公司© 版权所有